|
|
|
|
| LEADER |
00792nam a2200205 i 4500 |
| 001 |
misc55799 |
| 005 |
20230110113113.0 |
| 008 |
200508s1960 hu o 0|| eng d |
| 040 |
|
|
|a SZTE Miscellanea Repozitórium
|b hun
|
| 041 |
|
|
|a eng
|
| 100 |
1 |
|
|a Auezov Muhtar
|
| 245 |
1 |
3 |
|a On tradition and innovation in Kazakh soviet literature
|h [elektronikus dokumentum] /
|c Auezov Muhtar
|
| 260 |
|
|
|a Oriental Literature Publ. House
|b Moscow
|c 1960
|
| 300 |
|
|
|a 15
|
| 490 |
0 |
|
|a 25. International Congress of Orientalists : Papers presented by the USSR delegation
|
| 561 |
|
|
|a Németh Gyula hagyaték
|
| 650 |
|
4 |
|a Bölcsészettudományok
|
| 650 |
|
4 |
|a Nyelvek és irodalom
|
| 695 |
|
|
|a Kazak irodalom története - 20. sz.
|
| 856 |
4 |
0 |
|u http://misc.bibl.u-szeged.hu/55799/1/158_noa_a95.pdf
|z Dokumentum-elérés
|